Online Catalogue and eLibrary

Women organizations and social networks / (Record no. 110)

MARC details
000 -LEADER
fixed length control field 00608cam a2200217 a 4500
001 - CONTROL NUMBER
control field 3994237
005 - DATE AND TIME OF LATEST TRANSACTION
control field 20231130071821.0
008 - FIXED-LENGTH DATA ELEMENTS--GENERAL INFORMATION
fixed length control field 950608s1995 ii b 001 0 eng
020 ## - INTERNATIONAL STANDARD BOOK NUMBER
ISBN 8170332699 :
040 ## - CATALOGING SOURCE (பட்டியலாக்க மூலம்)
Original cataloging agency DLC
Transcribing agency DLC
Modifying agency DLC
082 00 - DDC Classification
Class No. 305.4/06/054558
DDC Edition Number 20
Item Number - Author Mark NEE.
100 1# - MAIN ENTRY--PERSONAL NAME
Personal name Ahlawat, Neerja.
245 10 - TITLE STATEMENT
Title Women organizations and social networks /
Statement of responsibility, etc. Neerja Ahlawat.
260 ## - PUBLICATION, DISTRIBUTION, ETC.
Place of publication, distribution, etc. Jaipur :
Name of publisher, distributor, etc. Rawat Publications,
Date of publication, distribution, etc. c1995.
300 ## - PHYSICAL DESCRIPTION
Extent (e.g. Volumes, Pages etc.) 168 p. ;
500 ## - GENERAL NOTE
General note Spine title: Women's organizations & social networks.
650 #0 - SUBJECT ADDED ENTRY--TOPICAL TERM
Topical term or geographic name entry element Women
650 #0 - SUBJECT ADDED ENTRY--TOPICAL TERM
Topical term or geographic name entry element Feminism
650 #0 - SUBJECT ADDED ENTRY--TOPICAL TERM
Topical term or geographic name entry element Social networks
942 ## - Koha item type (Biblio)
Koha item type Books in Stacks (Lending)
Holdings
Lost status Damaged status Collection code Home library Current library Date acquired Full call number Accession Number Item type
    Lending WERC Library WERC Library 11/30/2023 305.4/06/054558 NEE. 2112 Books in Stacks (Lending)

© WERC Library